000
00198nmm a2200085Ia 4500
008
150209s2015||||xx |||||||||||||||||und||
100
_a
BHATIA, P
245
_a
STEP BY STEP EDNOSUTRUING
942
_2
ddc
_c
CD
999
_c
5921
_d
5921